| 000 | 00611 a2200157 4500 | ||
|---|---|---|---|
| 003 | Nust | ||
| 005 | 20221205101857.0 | ||
| 040 | _cNust | ||
| 082 | _a150.9,MIS | ||
| 100 |
_aMisiak ,henryk _937027 |
||
| 245 |
_aHiistory of psychology _bAn overview / _cHenry Misak, Virginia Studt Sexton |
||
| 260 |
_aIslamabad _bNational Book Foundation |
||
| 300 | _ax,499 p.; | ||
| 505 | _aRoots of Psychology (Page-1), The Beginning and Growth of Scientific Psychology an Various Countries (Page-77), Theoretical Psychology (Page-315), Bibliography for the History of Psychology (Page-469). | ||
| 942 |
_2ddc _cBK _k15.9,MIS |
||
| 999 |
_c176892 _d176892 |
||